000 01000cab a2200289 4500
001 ABS52257
008 090401t1995 xxu||||| |||| 00| 0 eng d
035 _a(Sirsi) u68670
041 _aeng
245 _aCommercial property management
260 _c1995
350 _a0
490 _aCSM (Chartered Surveyor Monthly)
_v4(4) February 1995, 36-37(2)
520 _aThe RICS endorses the Property Managers Association`s "Guide to service charges" to promote good administrative and business practice between owners and occupiers in the management of services in commercial property. Summarises key points.
650 _aAPPORTIONMENT OF COSTS
650 _aBEST PRACTICE
650 _aCERTIFIED ACCOUNTS
650 _aMANAGEMENT FEES
650 _aProperty management
_96262
650 _aPROPERTY MANAGERS ASSOCIATION
650 _aRICS
650 _aSERVICE CHARGES
650 _aSINKING FUNDS
690 _aCOMMERCIAL PROPERTY-MANAGEMENT
942 _n0
948 _c04/03/1997
999 _c43086
_d43086